Most Welcoming Countries - Statistics

General Stats
  • This quiz has been taken 33 times
    10 since last reset
  • The average score is 8 of 21
Answer Stats
# Country % Correct
198 Micronesia
88%
198 Tuvalu
88%
198 Samoa
75%
198 Comoros
50%
198 Maldives
50%
198 Cape Verde
38%
198 D.R. Congo
38%
198 Gabon
38%
198 Ivory Coast
38%
198 Nigeria
38%
198 Togo
38%
198 Djibouti
25%
198 Equatorial Guinea
25%
198 Guinea
25%
198 Kenya
25%
198 Malawi
25%
198 South Sudan
25%
198 Vietnam
25%
198 Burundi
13%
198 East Timor
13%
198 Guinea-Bissau
13%
No matching quizzes found
Score Distribution
Percent of People with Each Score
Percentile by Number Answered
Your Score History
You have not taken this quiz since the last reset